00428nam a2200181Ia 4500003000400000005001700004006001900021007000300040008004100043024001000084037001200094040002000106041001300126082001800139100002400157245005600181260000900237OSt20220928143402.0a|||||r|||| 00| 0 ta220927b |||||||| |||| 00| 0 eng d a21786 cTextual aSDCLcSDCLbeng 2engaeng aO15,1B2:g, M4 aVidhalankar Sumedha 0aMahabharata ke shanti parva ka alochnatmak adhyana. c1984